<?xml version="1.0" encoding="UTF-8"?>
<record
    xmlns:xsi="http://www.w3.org/2001/XMLSchema-instance"
    xsi:schemaLocation="http://www.loc.gov/MARC21/slim http://www.loc.gov/standards/marcxml/schema/MARC21slim.xsd"
    xmlns="http://www.loc.gov/MARC21/slim">

  <leader>03286nam a2200469Ii 4500</leader>
  <controlfield tag="001">DIGBRUJ218</controlfield>
  <controlfield tag="003">NyNyDIG</controlfield>
  <controlfield tag="007">cr |||||||||||</controlfield>
  <controlfield tag="008">180109s2016    ag a    ob    000 0 spa d</controlfield>
  <controlfield tag="006">m     o  d        </controlfield>
  <datafield tag="035" ind1=" " ind2=" ">
    <subfield code="a">(OCoLC)957127675</subfield>
  </datafield>
  <datafield tag="040" ind1=" " ind2=" ">
    <subfield code="a">DGITA</subfield>
    <subfield code="b">eng</subfield>
    <subfield code="e">rda</subfield>
    <subfield code="e">pn</subfield>
    <subfield code="c">DGITA</subfield>
  </datafield>
  <datafield tag="020" ind1=" " ind2=" ">
    <subfield code="a">9789875917644</subfield>
    <subfield code="q">(eBook ;</subfield>
    <subfield code="q">pdf)</subfield>
  </datafield>
  <datafield tag="020" ind1=" " ind2=" ">
    <subfield code="a">9875917648</subfield>
    <subfield code="q">(eBook ;</subfield>
    <subfield code="q">pdf)</subfield>
  </datafield>
  <datafield tag="020" ind1=" " ind2=" ">
    <subfield code="z">9789875916869</subfield>
  </datafield>
  <datafield tag="020" ind1=" " ind2=" ">
    <subfield code="z">9875916862</subfield>
  </datafield>
  <datafield tag="043" ind1=" " ind2=" ">
    <subfield code="a">s-ag---</subfield>
  </datafield>
  <datafield tag="050" ind1="1" ind2="4">
    <subfield code="a">F2848 ebook</subfield>
  </datafield>
  <datafield tag="082" ind1="0" ind2="4">
    <subfield code="a">982.06</subfield>
  </datafield>
  <datafield tag="245" ind1="0" ind2="0">
    <subfield code="a">Espacio p&#xFA;blico en Argentina, fines S. XIX-primera mitad S. XX :</subfield>
    <subfield code="b">partidos, catolicismo, sociabilidad... /</subfield>
    <subfield code="c">Gardenia Vidal y Jessica Blanco (editoras).</subfield>
  </datafield>
  <datafield tag="246" ind1="1" ind2="4">
    <subfield code="a">Espacio p&#xFA;blico en Argentina a fines de S. XIX, primera mitad de S. XX</subfield>
  </datafield>
  <datafield tag="264" ind1=" " ind2="1">
    <subfield code="a">C&#xF3;rdoba, Argentina :</subfield>
    <subfield code="b">Editorial Brujas,</subfield>
    <subfield code="c">[2016]</subfield>
  </datafield>
  <datafield tag="264" ind1=" " ind2="4">
    <subfield code="c">&#xA9;2016</subfield>
  </datafield>
  <datafield tag="300" ind1=" " ind2=" ">
    <subfield code="a">1 online resource :</subfield>
    <subfield code="b">illustrations.</subfield>
  </datafield>
  <datafield tag="336" ind1=" " ind2=" ">
    <subfield code="a">text</subfield>
    <subfield code="2">rdacontent</subfield>
  </datafield>
  <datafield tag="337" ind1=" " ind2=" ">
    <subfield code="a">computer</subfield>
    <subfield code="b">c</subfield>
    <subfield code="2">rdamedia</subfield>
  </datafield>
  <datafield tag="338" ind1=" " ind2=" ">
    <subfield code="a">online resource</subfield>
    <subfield code="b">cr</subfield>
    <subfield code="2">rdacarrier</subfield>
  </datafield>
  <datafield tag="504" ind1=" " ind2=" ">
    <subfield code="a">Includes bibliographical references.</subfield>
  </datafield>
  <datafield tag="505" ind1="0" ind2=" ">
    <subfield code="a">El juarismo en C&#xF3;rdoba / Laura Cucchi -- Yrigoyenistas, principistas y radicales conservadores en el Partido Radical en C&#xF3;rdoba (1912-1915) / Pablo Fern&#xE1;ndez Seffino -- Una aproximaci&#xF3;n al Partido Comunista de C&#xF3;rdoba desde su fundaci&#xF3;n hasta fines de la d&#xE9;cada del veinte / Estefan&#xED;a Zandrino y Gardenia Vidal -- Estilos de sociabilidad en el interior del Partido Comunista de C&#xF3;rdoba (1918-1927) / Estefan&#xED;a Zandrino -- Asociacionismo cat&#xF3;lico, partidos y pol&#xED;tica electoral en la ciudad de Buenos Aires a comienzos del siglo XX / Mart&#xED;n Castro -- Cat&#xF3;licos en el estado : Ram&#xF3;n Dold&#xE1;n y el Consejo de Educaci&#xF3;n en Santa Fe (1900-1930) / Diego Mauro -- Catolicismo social argentino, militancia y dirigencia obrera / Iv&#xE1;n Ariel Fresia -- De "Cat&#xF3;licos" a "Unidos" : las tensiones entre adscripci&#xF3;n religiosa y acci&#xF3;n sindical en la Federaci&#xF3;n de Sindicatos Cat&#xF3;licos de Obreros de Mendoza (1944-1945) / Jessica Blanco -- La visibilizaci&#xF3;n de la violencia hacia las mujeres a trav&#xE9;s del diario C&#xF3;rdoba, 1928-1932 / Yesica Bonino -- El cooperativista, primer medio masivo de comunicaci&#xF3;n de Colonia Caroya / Mar&#xED;a Cecilia Rossi -- Sociabilidad pueblerina : Club Juventud Agraria Col&#xF3;n de Colonia Caroya, provincia de C&#xF3;rdoba, 1932-1942 / Mar&#xED;a Eugenia S&#xE1;nchez -- Asociacionismo &#xE9;tnico espa&#xF1;ol / Mar&#xED;a Isabel Romero Molina.</subfield>
  </datafield>
  <datafield tag="588" ind1="0" ind2=" ">
    <subfield code="a">Online resource; title from PDF title page (Digitalia, viewed January 11, 2018)</subfield>
  </datafield>
  <datafield tag="651" ind1=" " ind2="0">
    <subfield code="a">Argentina</subfield>
    <subfield code="x">Politics and government</subfield>
    <subfield code="y">20th century.</subfield>
  </datafield>
  <datafield tag="651" ind1=" " ind2="0">
    <subfield code="a">C&#xF3;rdoba (Argentina : Province)</subfield>
    <subfield code="x">Politics and government</subfield>
    <subfield code="y">20th century.</subfield>
  </datafield>
  <datafield tag="655" ind1=" " ind2="0">
    <subfield code="a">Electronic books.</subfield>
  </datafield>
  <datafield tag="700" ind1="1" ind2=" ">
    <subfield code="a">Vidal, Gardenia,</subfield>
    <subfield code="e">editor.</subfield>
  </datafield>
  <datafield tag="700" ind1="1" ind2=" ">
    <subfield code="a">Blanco, Jessica E.,</subfield>
    <subfield code="e">editor.</subfield>
  </datafield>
  <datafield tag="791" ind1="2" ind2=" ">
    <subfield code="a">Digitalia (Firm),</subfield>
    <subfield code="e">distributor.</subfield>
  </datafield>
  <datafield tag="793" ind1="0" ind2=" ">
    <subfield code="g">Digitalia eBook Collection:</subfield>
    <subfield code="a">Editorial Brujas</subfield>
  </datafield>
  <datafield tag="776" ind1="0" ind2="8">
    <subfield code="i">Print version:</subfield>
    <subfield code="t">Espacio p&#xFA;blico en Argentina, fines s. XIX-primera mitad s. XX.</subfield>
    <subfield code="b">1o edici&#xF3;n.</subfield>
    <subfield code="d">C&#xF3;rdoba, Argentina : Editorial Brujas, [2016]</subfield>
    <subfield code="z">9789875916869</subfield>
    <subfield code="w">(DLC)  2016366174</subfield>
    <subfield code="w">(OCoLC)973809890</subfield>
  </datafield>
  <datafield tag="856" ind1="4" ind2="0">
    <subfield code="3">Digitalia Hisp&#xE1;nica</subfield>
    <subfield code="u">https://www.digitaliapublishing.com/a/41912/</subfield>
  </datafield>
  <datafield tag="910" ind1=" " ind2=" ">
    <subfield code="a">Premium collection: 2018</subfield>
  </datafield>
  <datafield tag="942" ind1=" " ind2=" ">
    <subfield code="c">RAA</subfield>
  </datafield>
  <datafield tag="952" ind1=" " ind2=" ">
    <subfield code="0">0</subfield>
    <subfield code="1">0</subfield>
    <subfield code="4">0</subfield>
    <subfield code="7">0</subfield>
    <subfield code="8">DEH</subfield>
    <subfield code="a">BD-UIN</subfield>
    <subfield code="b">BD-UIN</subfield>
    <subfield code="d">2025-04-25</subfield>
    <subfield code="l">0</subfield>
    <subfield code="r">2025-04-25</subfield>
    <subfield code="w">2025-04-25</subfield>
    <subfield code="y">RAA</subfield>
  </datafield>
  <datafield tag="999" ind1=" " ind2=" ">
    <subfield code="c">246868</subfield>
    <subfield code="d">246868</subfield>
  </datafield>
</record>
